| 000 | 00899cam a22001934a 4500 | ||
|---|---|---|---|
| 005 | 20250605164009.0 | ||
| 008 | 250528s ||||||||||||||||||||||||d | ||
| 035 | _a15902 | ||
| 020 | _a47149691 | ||
| 040 |
_aGR-AtMCL _bgre _dGR-AtMCL _eAACR2 |
||
| 245 | 1 | _aAn Introduction to Multiagent Systems | |
| 260 |
_bJohn Wiley & Sons, Ltd, _c2002 |
||
| 300 | _a350 | ||
| 520 | _aThis book provides a comprehensive introduction to intelligent agents and multiagent systems, and assumes no specialist knowledge. Preface, Introduction, Intelligent Agents, Deductive Reasoning Agents, Practical Reasoning Agents, Reactive and Hybrid Agents, Multiagent Interactions, Reaching Agreements, Communication, Working Together, Methodologies, Applications, Logics for Multiagent Systems, Afterword, References, Index. | ||
| 700 | 1 |
_aWooldridge Michael _91934 |
|
| 942 | _cBK | ||
| 999 |
_c1450 _d1450 |
||